000 00553nam a2200181 i 4500
001 bg
100 1 _aFENGLER, Małgorzata
245 0 _aPoradnik młodego wynalazcy :
_bprzepisy prawne i organizacyjne /
_cMałgorzata Fengler, Tadeusz Opieka, Krzysztof Tuszyński.
260 _aWarszawa :
_bMłodz. Agencja Wydaw.,
_c1978.
300 _a224 s., tab.
700 1 _aOPIEKA, Tadeusz
700 1 _aTUSZYŃSKI, Krzysztof
040 _cBPK
041 _apol
080 _a347.77+331.87(438)
942 _cKS
008 s pl f |000 0 pol
999 _c10016
_d10016
856 _uhttp://koha.tu.koszalin.pl/cgi-bin/koha/opac-detail.pl?biblionumber=10016
_yKatalog online BPK